| 000 | 00733cam a22002413a 4500 | ||
|---|---|---|---|
| 001 | 2939 | ||
| 003 | PGUSA | ||
| 005 | 20140828083023.0 | ||
| 008 | 011101s2001||||xxu|||||s|||||000 | eng d | ||
| 040 |
_aPGUSA _beng |
||
| 042 | _adc | ||
| 050 | 4 | _aQP | |
| 100 | 1 |
_aHuxley, Thomas Henry, _d1825-1895 |
|
| 245 | 1 | 0 |
_aWilliam Harvey and the Discovery of the Circulation of the Blood _h[electronic resource] / _cThomas Henry Huxley |
| 260 |
_bProject Gutenberg, _c2001 |
||
| 506 | _aPublic domain in the USA. | ||
| 516 | _aElectronic text | ||
| 653 | _aBlood -- Circulation -- History | ||
| 653 | _aHarvey, William, 1578-1657 | ||
| 830 | 0 |
_aProject Gutenberg _v2939 |
|
| 856 | 4 | 0 | _uhttp://www.gutenberg.org/ebooks/2939 |
| 942 | _cEB | ||
| 999 |
_c232269 _d232269 |
||